| 000 | 01022nam a22002897a 4500 | ||
|---|---|---|---|
| 001 | 24001 | ||
| 003 | DO-SdBNP | ||
| 005 | 20180206092346.0 | ||
| 007 | 24001 | ||
| 008 | 160314b 2008 sp ||||| |||| 00| 0 spa d | ||
| 020 | _a9788483430163 | ||
| 040 |
_aBPMSU _bspa _cBPMSU |
||
| 100 | 1 |
_aLalana, Fernando, _d1958- |
|
| 245 | 1 | 0 |
_aEl viaje de Doble-P / _cFernando Lalana ; ilustraciones: Laura Ferracioli. |
| 250 | _a3ª ed. | ||
| 260 |
_aBarcelona : _bBambú, _c2008. |
||
| 300 |
_a174 p. : _bil. ; _c22 cm. |
||
| 490 | 1 |
_aJóvenes lectores / Bambú _v:5 |
|
| 500 | _aVigésimo sexta edición: noviembre de 2008, en la Editorial Casals, primera edición en Editorial Bambú. | ||
| 500 | _aIncluye datos biográficos de la autor. | ||
| 500 | _aIncluye datos biográficos del autor en la solapa de la contracubierta | ||
| 700 | 1 | 2 |
_aFerracioli, Laura, _d1964- _eil. |
| 830 | 0 |
_aJóvenes lectores / Bambú ; _n5 |
|
| 942 |
_2ddc _cBK |
||
| 945 | _aInventariado, 2018 /LP | ||
| 956 |
_aLOPEREZ _b10 _c20160314 _hBPMSU |
||
| 999 |
_c9212 _d9212 |
||